| 000 | 00604nam a2200229 a 4500 | ||
|---|---|---|---|
| 005 | 20210219152820.0 | ||
| 008 | 991125n 000 0 eng u | ||
| 035 | _aUPN01000062261 | ||
| 100 | _aFOYN, Sissel H. | ||
| 222 |
_aEUROPEAN JOURNAL OF EDUCATION : _bRESEARCH, DEVELOPMENT AND POLICIES |
||
| 245 | _a1993 a breakthrough for increased focus | ||
| 300 | _a355-362 | ||
| 362 | _a1994 Vol. 29, no. 4 | ||
| 653 | 0 | _aDEMOCRACIA | |
| 653 | 0 | _aDERECHOS HUMANOS | |
| 653 | 0 | _aEDUCACION | |
| 653 | 0 | _aEUROPA | |
| 653 | 0 | _aONU | |
| 653 | 0 | _aUNESCO | |
| 904 |
_aAC _b000072 |
||
| 905 | _aArticulo | ||
| 999 |
_c61608 _d61608 |
||